000
00334nam a22001457a 4500
999
_c
6424
_d
6422
005
20210904103506.0
008
200522b xxu||||| |||| 00| 0 eng d
041
_a
eng
082
_a
342.52 BAR
245
_a
The Constitution of India
260
_a
New Delhi
_b
Universal
_c
2019
300
_a
255p.
650
_a
LAW
_9
5701
942
_c
BK